MARC details
| 000 -CABECERA |
| campo de control de longitud fija |
00900cam a2200217 a 4500 |
| 001 - NÚMERO DE CONTROL |
| campo de control |
000003127 |
| 005 - FECHA Y HORA DE LA ÚLTIMA TRANSACCIÓN |
| campo de control |
20260417182716.0 |
| 008 - DATOS DE LONGITUD FIJA--INFORMACIÓN GENERAL |
| campo de control de longitud fija |
731119s1961 nyu 001 f spa |
| 040 ## - FUENTE DE LA CATALOGACIÓN |
| Centro catalogador/agencia de origen |
DO-SdBNP |
| Lengua de catalogación |
spa |
| Centro/agencia transcriptor |
BNPHU |
| 082 ## - NÚMERO DE LA CLASIFICACIÓN DECIMAL DEWEY |
| Número de clasificación |
H863.54 |
| Número de documento/Ítem |
C414s |
| 245 00 - MENCIÓN DE TÍTULO |
| Título |
Ceremonia secreta y otros cuentos de América Latina premiados en el concurso literario de Life en español / |
| Mención de responsabilidad, etc. |
Marco Denevi [et. al.]. |
| 260 ## - PUBLICACIÓN, DISTRIBUCIÓN, ETC. |
| Lugar de publicación, distribución, etc. |
Garden City, Nueva York : |
| Nombre del editor, distribuidor, etc. |
Interamericanas, |
| Fecha de publicación, distribución, etc. |
1961. |
| 300 ## - DESCRIPCIÓN FÍSICA |
| Extensión |
435 p. ; |
| Dimensiones |
18 cm. |
| 490 1# - MENCIÓN DE SERIE |
| Mención de serie |
Ediciones interamericanas, |
| Designación de volumen o secuencia |
no. H2 |
| 650 #4 - PUNTO DE ACCESO ADICIONAL DE MATERIA--TÉRMINO DE MATERIA |
| Término de materia o nombre geográfico como elemento de entrada |
Cuentos hispanoamericanos |
| 9 (RLIN) |
9678 |
| 650 #0 - PUNTO DE ACCESO ADICIONAL DE MATERIA--TÉRMINO DE MATERIA |
| Término de materia o nombre geográfico como elemento de entrada |
Literatura hispanoamericana |
| 9 (RLIN) |
318 |
| 700 1# - PUNTO DE ACCESO ADICIONAL--NOMBRE DE PERSONA |
| Nombre de persona |
Denevi, Marco, |
| Fechas asociadas al nombre |
1922-1998. |
| Término indicativo de función/relación |
Primer premio |
| 9 (RLIN) |
9854 |
| 700 1# - PUNTO DE ACCESO ADICIONAL--NOMBRE DE PERSONA |
| Nombre de persona |
Martínez Moreno, Carlos, |
| Fechas asociadas al nombre |
1917-1986 |
| Término indicativo de función/relación |
Segundo premio. |
| 9 (RLIN) |
9855 |
| 700 1# - PUNTO DE ACCESO ADICIONAL--NOMBRE DE PERSONA |
| Nombre de persona |
Echevarría Yáñez, Alfonso, |
| Fechas asociadas al nombre |
1922-1969 |
| Numeración |
Tercer Premio. |
| 9 (RLIN) |
9856 |
| 830 #0 - PUNTO DE ACCESO ADICIONAL DE SERIE-TÍTULO UNIFORME |
| Título uniforme |
Ediciones interamericanas, |
| Designación de volumen o secuencia |
no. H2 |
| 9 (RLIN) |
9857 |